Emancipazione diritto intermedio /

Elmentve itt :
Bibliográfiai részletek
Szerző: Bellomo Manlio
Dokumentumtípus: Cikk
Megjelent: 1965
Sorozat:Kolligátum
Kulcsszavak:Jogtudomány - olasz
Online Access:http://misc.bibl.u-szeged.hu/23201
LEADER 00532nab a2200169 i 4500
001 misc23201
005 20191108150019.0
008 170822s1965 hu o 0|| zxx d
040 |a SZTE Miscellanea Repozitórium  |b hun 
041 |a zxx 
100 1 |a Bellomo Manlio 
245 1 0 |a Emancipazione   |h [elektronikus dokumentum] :  |b diritto intermedio /  |c  Bellomo Manlio 
260 |c 1965 
300 |a 1-10 
490 0 |a Kolligátum 
695 |a Jogtudomány - olasz 
856 4 0 |u http://misc.bibl.u-szeged.hu/23201/1/87516_001-010.pdf  |z Dokumentum-elérés